• 首页
  • 本馆介绍
  • 公告通知
  • 最新文献
  • 馆藏检索
  • 电子资源
  • 读者导购
  • 参考咨询
  • 我的图书馆
  • 登录
  • 详细信息显示
  • 放入我的书架
  • 预约/预借图书
  • 作者相关作品
  • 分类相关作品
  • 丛书相关作品
  • 出版社相关作品

书目信息

  • 表格格式
  • 工作单格式
  • 卡片格式
题名:
系统生物学与中药方剂现代研究
    
 
作者: 张卫东 主编
分册:  
出版信息: 北京   科学出版社  2017.01
页数: 291页
开本: 26cm
丛书名:
单 册:
中图分类: Q111 , R289
科图分类:
主题词: 生物学--系统科学--研究 , 方剂学--研究
电子资源:
ISBN: 978-7-03-050126-4
000 01142nam0 2200241 450
001 660
005 20180924091405.43
010    @a978-7-03-050126-4@b精装@dCNY118.00
100    @a20170215d2017 em y0chiy50 ea
101 0  @achi
102    @aCN@b110000
105    @aa z 000yy
200 1  @a系统生物学与中药方剂现代研究@9xi tong sheng wu xue yu zhong yao fang ji xian dai yan jiu@f张卫东主编
210    @a北京@c科学出版社@d2017.01
215    @a291页@c图@d26cm
330    @a本书第一章为中药方剂现代研究体系的建立,让读者对中药方剂现代研究的内容及思路有个全景的了解;第二章为中药方剂药效物质基础研究的理论、思路与方法,让读者了解中药方剂药效物质基础的研究进展;第三章至第七章则介绍了各种现代技术方法在中药方剂研究中的应用,使读者对各种新技术新方法有一个全面的了解和认识。下篇则以临床疗效显著的现代中药方剂麝香保心丸为例,详细介绍了在已建立的中药方剂现代研究体系的指导下,对麝香保心丸开展深入系统的现代研究所取得的最新成果。
606 0  @a生物学@x系统科学@x研究
606 0  @a方剂学@x研究
690    @aQ111@v5
690    @aR289@v5
701  0 @a张卫东@9zhang wei dong@4主编
801  0 @aCN@b91MARC@c20170215
905    @aMuseLib@dQ111@e247
    
    系统生物学与中药方剂现代研究/张卫东主编.-北京:科学出版社,2017.01
    291页:图;26cm
    
    
    ISBN 978-7-03-050126-4(精装):CNY118.00
    本书第一章为中药方剂现代研究体系的建立,让读者对中药方剂现代研究的内容及思路有个全景的了解;第二章为中药方剂药效物质基础研究的理论、思路与方法,让读者了解中药方剂药效物质基础的研究进展;第三章至第七章则介绍了各种现代技术方法在中药方剂研究中的应用,使读者对各种新技术新方法有一个全面的了解和认识。下篇则以临床疗效显著的现代中药方剂麝香保心丸为例,详细介绍了在已建立的中药方剂现代研究体系的指导下,对麝香保心丸开展深入系统的现代研究所取得的最新成果。
●
相关链接 在E读中查询图书 在五车中查询图书 在当当中查询图书 在豆瓣中查询图书


正题名:系统生物学与中药方剂现代研究     索取号:Q111/247         预约/预借

序号 登录号 条形码 馆藏地/架位号 状态 备注
1 1120087   211200877   第二样本阅览室/ [索取号:Q111/247] 在馆    
2 1120088   211200886   密集书库-生命科学系/ [索取号:Q111/247] 在馆    
3 1120089   211200895   第三借阅区/ [索取号:Q111/247] 在馆    
4 1120090   211200902   第三借阅区/ [索取号:Q111/247] 在馆    
唐山师范学院图书馆 欢迎您!
大连网信软件有限公司© 版权所有